भारत : (Record no. 120285)

MARC details
000 -LEADER
fixed length control field 01120nam a22002657a 4500
005 - DATE AND TIME OF LATEST TRANSACTION
control field 20170124103155.0
010 ## - LIBRARY OF CONGRESS CONTROL NUMBER
LC control number B-236764
020 ## - INTERNATIONAL STANDARD BOOK NUMBER
Terms of availability 225.00
International Standard Book Number 8189859056
035 ## - SYSTEM CONTROL NUMBER
System control number B-236764
037 ## - SOURCE OF ACQUISITION
Source of stock number/acquisition Cen Lib/Ret
040 ## - CATALOGING SOURCE
Original cataloging agency DPL
Language of cataloging HN
082 ## - DEWEY DECIMAL CLASSIFICATION NUMBER
Classification number 954
Item number भगवा
100 ## - MAIN ENTRY--PERSONAL NAME
Personal name भगवान सिंह
9 (RLIN) 89508
245 ## - TITLE STATEMENT
Title भारत :
Statement of responsibility, etc भगवान सिंह
Remainder of title तब से अब तक /
246 ## - VARYING FORM OF TITLE
Title proper/short title Bharat : tab se ab tak /
Remainder of title by Bhagwan Singh
260 ## - PUBLICATION, DISTRIBUTION, ETC. (IMPRINT)
Place of publication, distribution, etc नयी दिल्ली
Name of publisher, distributor, etc किताबघर प्रकाशन
Date of publication, distribution, etc 2007
270 ## - ADDRESS
Address 4855-56/24, अंसारी रोड, दरियागंज
City नयी दिल्ली
Postal code 110002
300 ## - PHYSICAL DESCRIPTION
Extent 222पृ.
Dimensions 21सेमी(सजिल्द)
500 ## - GENERAL NOTE
General note अनुक्रमणिका शामिल
650 ## - SUBJECT ADDED ENTRY--TOPICAL TERM
Topical term or geographic name as entry element पुराण और जातीय इतिहास
9 (RLIN) 84099
650 ## - SUBJECT ADDED ENTRY--TOPICAL TERM
Topical term or geographic name as entry element भारतीय साहित्य
9 (RLIN) 89509
650 ## - SUBJECT ADDED ENTRY--TOPICAL TERM
Topical term or geographic name as entry element Ethnic mythology and history
9 (RLIN) 89510
650 ## - SUBJECT ADDED ENTRY--TOPICAL TERM
Topical term or geographic name as entry element Indian literature
9 (RLIN) 89511
942 ## - ADDED ENTRY ELEMENTS (KOHA)
Source of classification or shelving scheme Dewey Decimal Classification
Koha item type Hindi Books
Classification part 954
Call number suffix भगवा
Holdings
Withdrawn status Lost status Damaged status Not for loan Home library Current library Date acquired Source of acquisition Cost, normal purchase price Total Checkouts Full call number Barcode Date last seen Date checked out Copy number Cost, replacement price Price effective from Koha item type
        Central Library Central Library 21/09/2015 Cen Lib/Ret 225.00 1 954 भगवा B-236764 25/05/2019 15/05/2019 1 225.00 21/09/2015 Hindi Books

© Delhi Public Library
Hit Counter
free hit counter